Szczegóły MARC21

Trauerspiele ; Nathan ; Dramatische Fragmente /

003 -Nazwa inst., której nr kontr. jest w polu 001 [,]
    • @
    • Nazwa instytucji, której n kontrolny jest w polu 001
    • NUKAT
005 -DATA I CZAS OSTATNIEJ MODYFIKACJI [,]
    • @
    • pole kontrolne
    • 20260409103835.0
020 -Międzynarod. znormalizowany nr książki - ISBN [ , ]
    • a
    • Numer ISBN
    • 3446107843 Find
    • q
    • Dopowiedzenie
    • 1-8 LN
020 -Międzynarod. znormalizowany nr książki - ISBN [ , ]
    • a
    • Numer ISBN
    • 3446107851 Find
    • q
    • Dopowiedzenie
    • 1-8 LD
020 -Międzynarod. znormalizowany nr książki - ISBN [ , ]
    • a
    • Numer ISBN
    • 3446107886 Find
    • q
    • Dopowiedzenie
    • LN
020 -Międzynarod. znormalizowany nr książki - ISBN [ , ]
    • a
    • Numer ISBN
    • 3446107894 Find
    • q
    • Dopowiedzenie
    • LD
040 -Instytucja sporządzająca opis [ , ]
    • a
    • Instytucja, która sporządziła opis (NP)
    • OLSZT 003/bak
    • c
    • Instytucja, która sporządziła rekord (NP)
    • OLSZT 003/bak
    • d
    • Instytucja, która zmodyfikowała rekord (P)
    • SZCZ U/MCs
942 -Rodzaj dokumentu [ , ]
    • c
    • Rodzaj dokumentu
    • Książka
100 -Hasło główne - nazwa osobowa [1, ]
    • a
    • Nazwa osobowa (NP)
    • Lessing, Gotthold Ephraim
    • d
    • Daty biograficzne (NP)
    • (1729-1781).
    • 9
    • KHW
    • 19639
245 -Strefa tytułu i oznaczenia odpowiedzialności [1,0]
    • a
    • Tytuł
    • Trauerspiele ; Find
    • b
    • Ciąg dalszy tytułu (NP)
    • Nathan ; Dramatische Fragmente / Find
    • c
    • Pozostałe elementy strefy tytułu i oznaczenia odpowiedzialności (NP)
    • Gotthold Ephraim Lessing ; [in Zsarb. mit Karl Eibl et al. ; hrsg. von Herbert G. Göpfert].
260 -Strefa adresu wydawniczego [ , ]
    • a
    • Miejsce wydania (P)
    • München :
    • b
    • Nazwa wydawcy (P)
    • Carl Hanser Verlag,
    • c
    • Data wydania (P)
    • 1971.
300 -Strefa opisu fizycznego [ , ]
    • a
    • Określenie formy książki i/lub objętość (NP)
    • 798 s. ;
    • c
    • Format (NP)
    • 19 cm.
336 -Typ zawartości [ , ]
    • a
    • Termin opisujący typ zawartości
    • Tekst
    • b
    • Kod określający zawartość
    • txt
    • 2
    • Źródło (terminu i kodu)
    • rdacontent
337 -Typ mediów [ , ]
    • a
    • Tryb odtwarzania
    • Bez urządzenia pośredniczącego
    • b
    • Kod typu mediów
    • n
    • 2
    • Źródło (terminu i kodu)
    • rdamedia
338 -Typ/rodzaj nośnika [ , ]
    • a
    • Hasło opisujące typ nośnika
    • Wolumin
    • b
    • Kod typu nośnika
    • nc
    • 2
    • Źródło (terminu i kodu)
    • rdacarrier
490 -Strefa serii i książki wielotomowej - forma nie do wyszukiwania [1, ]
    • a
    • Tytuł (P)
    • Werke / Gotthold Ephraim Lessing ; Find
    • v
    • Numeracja (P)
    • Bd. 2
505 -Uwaga dot. zawartości książki [2, ]
    • a
    • Uwaga dot. zawartości książki
    • Miß Sara Simpson ; Philotas ; Emilia galotti ; Nathan der Weise.
080 -Uniwersalna Klasyfikacja Dziesiętna [ , ]
    • a
    • Symbol klasyfikacji
    • 830-1/-9=30
655 -Hasło w funkcji tematu formalnego [ ,7]
    • a
    • Hasło
    • Dramat niemiecki
    • y
    • Określnik chronologiczny
    • 18 w.
    • 2
    • Źródło terminu
    • kaba
    • 9
    • KHW
    • 401791
980 -Symbol UKD [ , ]
    • a
    • UKD
    • 830-1/-9=30
700 -Hasło dodatkowe - nazwa osobowa [1,2]
    • a
    • Nazwa osobowa (NP)
    • Lessing, Gotthold Ephraim Find
    • d
    • Daty biograficzne (NP)
    • (1729-1781).
    • t
    • Tytuł ujednolicony/tytuł (NP)
    • Emilia Galotti Find
    • l
    • Język tekstu (NP)
    • (niem.)
    • 9
    • KHW
    • 401973
700 -Hasło dodatkowe - nazwa osobowa [1,2]
    • a
    • Nazwa osobowa (NP)
    • Lessing, Gotthold Ephraim Find
    • d
    • Daty biograficzne (NP)
    • (1729-1781).
    • t
    • Tytuł ujednolicony/tytuł (NP)
    • Miss Sara Sampson Find
    • l
    • Język tekstu (NP)
    • (niem.)
    • 9
    • KHW
    • 532384
700 -Hasło dodatkowe - nazwa osobowa [1,2]
    • a
    • Nazwa osobowa (NP)
    • Lessing, Gotthold Ephraim Find
    • d
    • Daty biograficzne (NP)
    • (1729-1781).
    • t
    • Tytuł ujednolicony/tytuł (NP)
    • Nathan der Weise Find
    • l
    • Język tekstu (NP)
    • (niem.)
    • 9
    • KHW
    • 401885
700 -Hasło dodatkowe - nazwa osobowa [1,2]
    • a
    • Nazwa osobowa (NP)
    • Lessing, Gotthold Ephraim Find
    • d
    • Daty biograficzne (NP)
    • (1729-1781).
    • t
    • Tytuł ujednolicony/tytuł (NP)
    • Philotas Find
    • l
    • Język tekstu (NP)
    • (niem.)
    • 9
    • KHW
    • 532385
700 -Hasło dodatkowe - nazwa osobowa [1, ]
    • a
    • Nazwa osobowa (NP)
    • Eibl, Karl Find
    • d
    • Daty biograficzne (NP)
    • (1940-2014).
    • e
    • Określenie rodzaju współpracy
    • Oprac.
    • 9
    • KHW
    • 485793
700 -Hasło dodatkowe - nazwa osobowa [1, ]
    • a
    • Nazwa osobowa (NP)
    • Göpfert, Herbert G. Find
    • e
    • Określenie rodzaju współpracy
    • Red.
    • 9
    • KHW
    • 460769
800 -Hasło dodatkowe opisu książki wielotomowej - nazwa osobowa [1, ]
    • a
    • Nazwa osobowa (NP)
    • Lessing, Gotthold Ephraim
    • d
    • Daty biograficzne (NP)
    • (1729-1781).
    • t
    • Tytuł ujednolicony/tytuł (NP)
    • Werke
    • v
    • Oznaczenie tomu (NP)
    • Bd. 2
    • 9
    • KHW
    • 597465
920 -ISBN [ , ]
    • a
    • ISBN
    • 3-446-10784-3 Find
    • q
    • Dopowiedzenie
    • 1-8 LN
920 -ISBN [ , ]
    • a
    • ISBN
    • 3-446-10785-1 Find
    • q
    • Dopowiedzenie
    • 1-8 LD
920 -ISBN [ , ]
    • a
    • ISBN
    • 3-446-10788-6 Find
    • q
    • Dopowiedzenie
    • LN
920 -ISBN [ , ]
    • a
    • ISBN
    • 3-446-10789-4 Find
    • q
    • Dopowiedzenie
    • LD
Data inwentaryzacji Lokalizacja Numer inwentarzowy Status udost. Sygnatura
2006-03-08BMG.18043-3Germ. Dramat niemiecki